00249nam a22000977a 4500082001300000100002500013245004600038260003500084300000700119650002500126 a547bWIC aWickramanayake,D.G.L aNeutron Scattering Studies in Hydrocarbon aColombobUniversity of Colombo a87 aNeutron |Hydrocarbon